000
00345nam a22001457a 4500
008
210308b ||||| |||| 00| 0 eng d
020
_a
9780130900722
041
_a
eng
080
_a
316
082
_a
316
100
_a
50
101
_a
SOC
245
_a
Culture in Rehabilitation from Competency to Proficiency
_c
Royeen, M
942
_2
udc
_c
BK
999
_c
55907
_d
55907